Loading...
| Arts - Music | 6 | 26.67 | 100% | 100% | 67% |
| Arts - Other Arts | 5 | 14.00 | 100% | 40% | 0% |
| Arts - Painting | 3 | 20.00 | 100% | 100% | 0% |
| History - American History | 5 | 16.00 | 100% | 40% | 20% |
| History - European | 4 | 17.50 | 100% | 75% | 0% |
| History - Other History | 3 | 16.67 | 67% | 67% | 33% |
| History - World History | 5 | 16.00 | 100% | 40% | 20% |
| Literature - American Lit | 5 | 22.00 | 100% | 80% | 40% |
| Literature - British Lit | 3 | 16.67 | 100% | 33% | 33% |
| Literature - European Lit | 3 | 23.33 | 100% | 100% | 33% |
| Literature - World Lit | 3 | 16.67 | 100% | 33% | 33% |
| Mythology | 3 | 16.67 | 100% | 67% | 0% |
| Other - Geo/CE | 3 | 20.00 | 67% | 67% | 67% |
| Other Academic | 3 | 20.00 | 100% | 67% | 33% |
| Pop Culture | 4 | 10.00 | 75% | 25% | 0% |
| Religion | 1 | 10.00 | 100% | 0% | 0% |
| Science - Biology | 4 | 20.00 | 100% | 100% | 0% |
| Science - Chemistry | 5 | 14.00 | 100% | 20% | 20% |
| Science - Other Science | 4 | 17.50 | 100% | 50% | 25% |
| Science - Physics | 4 | 17.50 | 100% | 50% | 25% |
| Thought - Philosophy | 3 | 13.33 | 100% | 33% | 0% |
| Thought - Social Science | 5 | 10.00 | 60% | 40% | 0% |